Quizzes
Events
Quiz Creation
Community
Videos
Private Events
Remove Ads
Sign In
Join for FREE
Feedback
Dark Mode
Quiz Categories
Sports
Geography
Music
Movies
Television
Just For Fun
Miscellaneous
History
Literature
Language
Science
Gaming
Entertainment
Religion
Holiday
For Kids
Quiz Lab
Recent
Popular Today
Quiz Kudos Today
Editor Picks
Curator Picks
Quizzes by...
Day
Popularity
Type
Ratings
Length
Year
Community
Subscriptions
Recent Discussions
Orange Saloon
Badges
Playlists
Quests
Create
Leaderboards
Showdown
Live 5
Trivia Bingo
Activity
Puzzle Library
Sporcle Events
Private Events
Virtual Trivia
Globe League
Become a Host
Pub Owners
SporcleCon
Opinionation
Our Games
Videos
Blog
Mobile Apps
Partnerships
Remove Ads and Go Orange
Feedback
Entertainment
Celebrity
Famous
Musical
Broadway
Show
Quote
Comic Books
Anime
Superhero
DC Comics
Marvel
Cartoons
Animation
Entertainment
Celebrity
Famous
Musical
Broadway
Show
Quote
Comic Books
Anime
Superhero
DC Comics
Marvel
Cartoons
Animation
Random Quiz
Search Sporcle
×
Quiz Lab
Quiz Lab
Entertainment
Famous
Type in answers that appear in a list
Type in answers that appear in a list
Classic
Best Score? Go Orange.
Famous Redheads Stats
Can you name the following list of famous people with reddish hair??
By
bmaxxx
10m
50 Questions
325 Plays
325 Plays
325 Plays
Comments
Comments
Give Quiz Kudos
Give Quiz Kudos
-
- Ratings
hide this ad
Replay
Link that replays current quiz
Next Quiz
Link to next quiz in quiz playlist
You Got
0%
They Got
Avg Score
34%
Avg Friend Score
Upgrade to see
Score Distribution
Jump to the score distribution portion of the page
Score
0/50
Timer
10:00
0
Plays Today
Bio
Redhead
% Correct
Born in Hawaii, raised in Australia; former Mrs. Cruise
Nicole Kidman
78.5%
Georgia beauty best know as film's 'Pretty Woman'
Julia Roberts
71.1%
3rd US President and primary author of Declaration of Independence
Thomas Jefferson
65.8%
X-
Files' Dana Scully
Gillian Anderson
60%
Not first European to reach New World, but most famous to do so
Christopher Columbus
60%
The Duchess of York; divorced from Prince Andrew
Sarah Ferguson
57.5%
'SNL'. 'Simpsons' writer to 'Tonight Show' hosting gig
Conan O'Brien
56.9%
British PM and icon of World War II
Winston Churchill
56%
Heroine of three John Hughes's 80s movies
Molly Ringwald
55.1%
Acerbic 'D-
List' comic and actress
Kathy Griffin
55.1%
Volitale lead singer of G'n'R
W Axl Rose
52.6%
Legandary slapstick sitcom queen
Lucille Ball
51.4%
Young actress now regular in gossip colummn for lifestyle
Lindsay Lohan
50.8%
Mrs. 'Borat' -
breakout role in 'Wedding Crashers'
Isla Fisher
49.5%
From 'Buffy' to 'Robot Chicken' and 'Family Guy'
Seth Green
48%
Neurotic actor/
director synonomous with NYC
Woody Allen
46.2%
CSI Miami's (remove sunglasses)... Horatio Caine
David Caruso
45.5%
Shaggy haired dude wins medals for skateboard and snowboards
Shaun White
44.6%
Actress in '9 Months', 'Boogie Nights', and 'Blindness'
Julianne Moore
44%
Black icon -
assasinated in 1965
Malcolm X
42.8%
Scottish Springfield Elementary caretaker with yellow skin
Groundskeeper Willie
40%
Hit on MTV with cover of 'I Think We're Alone Now
Tiffany Darwish
39.1%
Desperate Housewives's Bree van de Kamp
Marcia Cross
38.8%
Former Patridge kid turned shock jock
Danny Bonaduce
38.2%
Author/
playright garned fame in English Renaissance
William Shakespeare
37.2%
Bio
Redhead
% Correct
HIt 70 HRs (more than Sosa) in 1998 MLB season
Mark McGwire
36.9%
Sexy 'mutant' was both Marvel Girl and Phoenix
Jean Grey
35.4%
Vocalist for 'Garbage'
Shirley Manson
30.5%
'What, me worry?' gap toothed MAD icon
Alfred E Newman
25.8%
Two time Wimbeldon champion from Germany
Boris Becker
24%
Animated protagonist from Riverdale
Archie Andrews
24%
Record 12 nominations for Oscar, and 4 wins
Katharine Hepburn
23.7%
Gothic grappler undefeated at Wrestlemania
Undertaker
23.7%
UK soul singer often 'Rolled' onto unsuspecting web surfers
Rick Astley
21.8%
Celtic soul crooner: 'Astral Weeks' and 'Moondance'
Van Morrison
20.6%
Charming Okie diva -
'Is There Life Out There?'
Reba McEntire
18.8%
Comedian hosted CBS variety show from 67-
78
Carol Burnett
18.2%
Monsieur Herge’s Belgian adventurer -
Snowy's master
Tin Tin
17.5%
Country music's 'Stranger' and IRS target
Willie Nelson
16.9%
National champ with UCLA, NBA champ with Portland
Bill Walton
16%
Guided Celtics to 8 straight NBA crowns
Red Auerbach
16%
Ecclectic pianist; real first name Myra
Tori Amos
14.8%
Shredded guitars for Metallica AND Megadeth
Dave Mustaine
12.6%
Cream's energetic percussionist
Ginger Baker
10.8%
'Simply Red''s centrepiece soul man
Mick Hucknall
10.2%
Dr. Beverly Crusher in 'Star Trek' franchise
Gates McFadden
9.8%
Two time Tony winner; kewpie doll voice
Bernadette Peters
8.3%
Sassy blueswoman and social activist
Bonnie Raitt
6.8%
Outfielder/
pinch hitter deluxe for Expos, Mets and Tigers,
Rusty Staub
6.2%
ABBA's auburn haired chanteuse
Anna-Frid Lyngstad
4.9%
Quiz Playlist
Details
Report
Send in Message
Add To Playlist
Classic:
Type in answers that appear in a list
Last Updated: Feb 16, 2017
Quiz Scoreboard
CHALLENGE
Sign Up to Join the Scoreboard
Show All
Scores
Hide
Comments
May contain spoilers
Recently Published
One Thing in Common: World Cities II
by knightlancer
Geography
7m
Popular People in 1961
by mucciniale
History
6m
1-10 Letter E Words III
by El_Dandy
Language
2m
More to Explore
Quiz From the Vault
Featured Blog Post
Where Did the Easter Bunny Come From?
hide this ad
You Might Also Like...
Tags
Famous Quiz
hair
Red
Redhead
Today's Top Quizzes in Entertainment
Browse Entertainment
hide this ad
Today's Top Quizzes in Famous
Browse Famous
Top Contributed Quizzes in Entertainment
1
Kamen Rider Motifs
2
Dragon Ball Z: Goku's Fights in Order
3
Dragon Ball Z: Mega Character Search
4
One Piece Arcs By Order III
5
Survivor Winners Logic Quiz
6
Undead Unluck Minefield
7
Who Wants to Be a Millionaire: Anime Edition
8
Naruto Arcs in order
9
Demon Slayer 11-1
10
Criteria Quickie: Cartoon Taxonomy II
Explore More
Trending Topics
Disney
Anime
Marvel
Kpop
NBA
Harry Potter
Crossword
Soccer
Country
Puzzle
WWE
NFL
Song
The Office
Pokémon
hide this ad
More By:
bmaxxx
Quiz
Plays
Rating
Category
Featured
Created
College Football Traditions
5,767
4.25
Sports
Nov 1, 2009
Original Five MTV Veejays
5,008
4.36
Music
Oct 22, 2009
Wrestling Catch Phrases
2,111
3.10
Sports
Oct 20, 2009
50 Famous Rock Bassists
1,809
2.63
Music
Oct 3, 2009
WrestleMania Greatest Matches
1,414
3.43
Sports
Sep 23, 2009
Go to Creator's Profile
Score Distribution
Quiz Creator Spotlight
bmaxxx
Follow
Send a Message
Quizzes Created
-
Created Quiz Play Count
-
More By This Creator
Popular Quizzes Today
1
Find the US States - No Outlines Minefield
2
The Countries of the World
3
Popular People in 1961
4
Find the Countries of Europe - No Outlines Minefield
5
1-10 Letter E Words III
6
Find the US States
7
One Thing in Common: World Cities II
8
US States
More Entertainment Quizzes
Marvel Superheroes by Profession
Published
Trending Quizzes
1-10 Letter F Words
1-10 Letter G Words
Risky Map Clicking: Next State Alphabetically
1-10 Letter F Words II
Risky Map Clicking: States by Unique Starting Letters
Recently Updated
Leaping Animals
pecheneg
Reality TV Shows (A-Z)
bhenderson79
Rickey Henderson's Hall of Fame Teammates
pecheneg
Champions League XIs: Arsenal
pecheneg
Quick Pick: Celebrities in WWE's Hall of Fame
aduchscher
A-Z Keypad Blitz II
pecheneg
Multiple Oscar Actors
pecheneg
Mystery Phrase Blitz: Oscar 'Best Actors'
pecheneg
F. Scott Fitzgerald Novels
LTH
Pick 3 Villains
ddd62291
Trending Topics
NBA
Anime
Marvel
Disney
Crossword
Kpop
Harry Potter
Soccer
The Office
Puzzle
Pokémon
WWE
Song
Country
NFL
Your Account Isn't Verified!
In order to create a playlist on Sporcle, you need to verify the email address you used during registration. Go to your
Sporcle Settings
to finish the process.
Report this User
Report this user for behavior that violates our
Community Guidelines
.
Details:
Send Report
Go to the Sporcle.com Mobile Site →
Comments